LEADER 01474cam2-2200457---450- 001 990001623120203316 005 20121126145916.0 035 $a000162312 035 $aUSA01000162312 035 $a(ALEPH)000162312USA01 035 $a000162312 100 $a20040430d1944----km-y0itay50------ba 101 1 $aita$cger 102 $aIT 105 $ay|||z|||001yy 200 1 $a<> Platone$fT. Gomperz 210 $aFirenze$cLa nuova Italia$d1944 215 $a391 p.$d22 cm 225 2 $a<> pensiero storico 300 $aTitolo della copertina 300 $aEdizione di 1500 esemplari numerati 410 0$12001$a<> pensiero storico 461 0$1001000162284$12001$aPensatori greci 700 1$aGOMPERZ,$bTheodor$0169973 801 0$aIT$bsalbc$gISBD 912 $a990001623120203316 951 $aII.1.A. 83/3.1(III A Coll. 30/28 III 1)$b57 L.M.$cII.1. 951 $aII.1.A. 83/3.1a(III A Coll. 30/28 III 1 bis)$b47265 L.M.$cII.1. 951 $aXV.8. 319 3.1$b223098 L.M.$cXV.8. 959 $aBK 969 $aUMA 969 $aFSO 979 $aSIAV6$b10$c20040430$lUSA01$h1332 979 $aSIAV6$b10$c20040430$lUSA01$h1350 979 $aCOPAT3$b90$c20050324$lUSA01$h1214 979 $aANNAMARIA$b90$c20121123$lUSA01$h1425 979 $aANNAMARIA$b90$c20121123$lUSA01$h1426 979 $aANNAMARIA$b90$c20121126$lUSA01$h1012 979 $aANNAMARIA$b90$c20121126$lUSA01$h1459 996 $aPlatone$9865613 997 $aUNISA LEADER 00970nam 2200265 450 001 996697074303316 005 20260307130412.0 100 $a20260109d1970----km y0itay5003 ba 101 0 $aita 102 $aIT 105 $ay 00 y 200 1 $aSe le casse rurali e artigiane possano essere assorbite da banche popolari o trasformarsi in banche popolari$fAlberto Asquini 210 $aSulmona$cD'Amato$d1970 215 $a8 p.$d28 cm 300 $aEstratto da: Bollettino dell' Associazione Tecnica delle Banche Popolari, (gennaio 1970) 606 0 $aCasse rurali e artigiane$2BNCF 700 1$aASQUINI,$bAlberto$f<1889-1972>$0224675 701 1$a334.22$01887333 801 0$aIT$bcba$gREICAT 912 $a996697074303316 951 $aXVI.7.Misc. 1346$b1365 FBUO$cXVI.7.Misc. 959 $aBK 969 $aFBUO 996 $aSe le casse rurali e artigiane possano essere assorbite da banche popolari o trasformarsi in banche popolari$94523775 997 $aUNISA